Loading...
| Science - Other | 0 | 5 | 0 | 1 | 50 | 71 | 99.20 | 1 | 5 | 0.00 | 0.00 |
| Science - Physics | 0 | 5 | 3 | 0 | 35 | 65 | 89.00 | 3 | 5 | 0.00 | 0.00 |
| Science - Chemistry | 0 | 5 | 3 | 1 | 35 | 93 | 106.40 | 3 | 5 | 0.00 | 0.00 |
| Science - Biology | 0 | 4 | 2 | 0 | 30 | 43 | 91.75 | 3 | 4 | 0.00 | 0.00 |
| Literature - World | 0 | 2 | 0 | 0 | 20 | 129 | 135.00 | 1 | 2 | 0.00 | 0.00 |
| Mythology | 0 | 3 | 2 | 0 | 20 | 60 | 84.33 | 1 | 3 | 0.00 | 0.00 |
| Fine Arts - Painting and Sculpture | 0 | 2 | 0 | 0 | 20 | 103 | 111.00 | 2 | 2 | 0.00 | 0.00 |
| Literature - American | 0 | 2 | 0 | 0 | 20 | 129 | 130.50 | 0 | 2 | 0.00 | 0.00 |
| Literature - European | 0 | 2 | 0 | 0 | 20 | 122 | 135.00 | 2 | 2 | 0.00 | 0.00 |
| Social Science | 0 | 1 | 0 | 0 | 10 | 99 | 99.00 | 1 | 1 | 0.00 | 0.00 |
| History - Other | 0 | 1 | 0 | 1 | 10 | 139 | 139.00 | 0 | 1 | 0.00 | 0.00 |
| Pop Culture | 0 | 1 | 0 | 1 | 10 | 133 | 133.00 | 0 | 1 | 0.00 | 0.00 |
| Religion | 0 | 1 | 0 | 0 | 10 | 116 | 116.00 | 1 | 1 | 0.00 | 0.00 |
| Philosophy | 0 | 0 | 0 | 0 | 0 | 0.00 | 0 | 0 | 0.00 | 0.00 | |
| Literature - British | 0 | 0 | 0 | 0 | 0 | 0.00 | 0 | 0 | 0.00 | 0.00 | |
| History - American | 0 | 0 | 0 | 0 | 0 | 0.00 | 0 | 0 | 0.00 | 0.00 | |
| Fine Arts - Other | 0 | 0 | 0 | 0 | 0 | 0.00 | 0 | 0 | 0.00 | 0.00 |